Viruses of potatoes and seed-potato production /

Bibliographic Details
Main Author: Bokx, J. A.
Format: Book
Language:English
Published: Wageningen : Pudoc (Centre for Agricultural Publishing and Documentation), 1987.
Edition:2nd ed.
Subjects:

MARC

Tag First Indicator Second Indicator Subfields
LEADER 00000cam a2200000 a 4500
001 in00000006996
005 20151004070028.0
008 871214s1987 ne af b 00110 eng d
020 |a 9022008592 
035 |a (OCoLC)17237493 
035 |9 AAA1459AM 
040 |a CUY  |c CUY  |d TXA  |d UtOrBLW 
049 |a TXAM  |c [A12542879] 
050 4 |a SB608.P8  |b B64 1987 
100 1 |a Bokx, J. A. 
245 1 0 |a Viruses of potatoes and seed-potato production /  |c edited by J.A. de Bokx and J.P.H. van der Want. 
250 |a 2nd ed. 
264 1 |a Wageningen :  |b Pudoc (Centre for Agricultural Publishing and Documentation),  |c 1987. 
300 |a 259 pages, 16 unnumbered pages of plates :  |b illustrations (some color) ;  |c 25 cm. 
336 |a text  |b txt  |2 rdacontent 
337 |a unmediated  |b n  |2 rdamedia 
338 |a volume  |b nc  |2 rdacarrier 
504 |a Bibliography: pages [225]-244. 
500 |a Includes index. 
650 0 |a Potatoes  |x Diseases and pests. 
999 |a MARS 
999 f f |s 9afa4065-74a4-304a-943b-0c03eb18185b  |i 0881dbf1-851b-3d06-b067-054fdd5e1bf1  |t 0 
952 f f |p ric  |a Texas A&M University  |b Rellis Campus  |c Joint Library Facility  |d Remote Storage  |t 0  |e SB608.P8 B64 1987  |h Library of Congress classification  |i unmediated -- volume  |m A14812542879 
998 f f |a SB608.P8 B64 1987  |t 0  |l Remote Storage